LEADER 03981nam 2200661Ia 450 001 9910778158903321 005 20230721031542.0 010 $a94-012-0378-4 010 $a1-4294-8129-3 024 7 $a10.1163/9789401203784 035 $a(CKB)1000000000475307 035 $a(EBL)556560 035 $a(OCoLC)714567293 035 $a(SSID)ssj0000147692 035 $a(PQKBManifestationID)12007553 035 $a(PQKBTitleCode)TC0000147692 035 $a(PQKBWorkID)10012495 035 $a(PQKB)11038867 035 $a(MiAaPQ)EBC556560 035 $a(OCoLC)166244681$z(OCoLC)647374436$z(OCoLC)714567293$z(OCoLC)764536105 035 $a(nllekb)BRILL9789401203784 035 $a(Au-PeEL)EBL556560 035 $a(CaPaEBR)ebr10380299 035 $a(CaONFJC)MIL989057 035 $a(EXLCZ)991000000000475307 100 $a20070112d2007 uy 0 101 0 $aeng 135 $aur|n|---||||| 181 $ctxt 182 $cc 183 $acr 200 10$aEnglish mediopassive constructions$b[electronic resource] $ea cognitive, corpus-based study of their origin, spread, and current status /$fMarianne Hundt 210 $aAmsterdam $cRodopi$d2007 215 $a1 online resource (239 p.) 225 1 $aLanguage and computers ;$vno. 58 300 $aDescription based upon print version of record. 311 $a90-420-2127-6 320 $aIncludes bibliographical references (p. [181]-193) and index. 327 $tPreliminary material /$rEditors English mediopassive constructions -- $tIntroduction /$rEditors English mediopassive constructions -- $tDefining the object of study /$rEditors English mediopassive constructions -- $tPrevious studies /$rEditors English mediopassive constructions -- $tTheoretical background /$rEditors English mediopassive constructions -- $tThe mediopassive in Present Day English /$rEditors English mediopassive constructions -- $tThe history of mediopassives /$rEditors English mediopassive constructions -- $tConclusion /$rEditors English mediopassive constructions -- $tReferences /$rEditors English mediopassive constructions -- $tPrimary material /$rEditors English mediopassive constructions -- $tSample pages from the Sears and Roebucks catalogues /$rEditors English mediopassive constructions -- $tAdditional tables and figures /$rEditors English mediopassive constructions -- $tIndex /$rEditors English mediopassive constructions. 330 $aThis book provides the first empirical study of the history and spread of mediopassive constructions. It investigates the productivity of the pattern, the spread of the construction in Modern English, and looks into text type-specific preferences for the construction. On a more abstract level, it combines the corpus-based description of mediopassive constructions with cognitive linguistic models, drawing largely on notions such as ?prototype?, ?family resemblances?, ?patch? and ?construction?. The theoretical modelling is largely based on data from real texts. These come from publicly available machine-readable corpora, text-databases and a single-register ?corpus? (American mail-order catalogues). The study combines the corpus-based approach with cognitive theories and is therefore of interest to both empirical and theoretical linguists. 410 0$aLanguage and computers ;$vno. 58. 606 $aComputational linguistics 606 $aEnglish language$xData processing$xResearch 606 $aEnglish language$xVerb phrase 606 $aEnglish language$xVoice 615 0$aComputational linguistics. 615 0$aEnglish language$xData processing$xResearch. 615 0$aEnglish language$xVerb phrase. 615 0$aEnglish language$xVoice. 676 $a425 700 $aHundt$b Marianne$01477795 801 0$bMiAaPQ 801 1$bMiAaPQ 801 2$bMiAaPQ 906 $aBOOK 912 $a9910778158903321 996 $aEnglish mediopassive constructions$93693247 997 $aUNINA LEADER 02935nam0 22005893i 450 001 IEI0115044 005 20251003044159.0 010 $a8879892525 010 $a8879896504 100 $a19971006d1997 ||||0itac50 ba 101 | $aita 102 $ait 181 1$6z01$ai $bxxxe 182 1$6z01$an 183 1$6z01$anc$2RDAcarrier 200 1 $aStoria del capitalismo italiano$edal dopoguerra a oggi$fAmatori ... [et al.]$ga cura di Fabrizio Barca 210 $aRoma$cDonzelli$d[1997] 215 $aXIV, 634 p.$d22 cm 225 | $aProgetti Donzelli 410 0$1001IEI0096414$12001 $aProgetti Donzelli 500 11$aStoria del capitalismo italiano.$3MSE0066091$9624605 517 1 $aStoria del capitalismo italiano dal dopoguerra ad oggi$9VEA0116652 606 $aCapitalismo$xItalia$x1947-1995$2FIR$3CFIC093348$9I 676 $a330.120945$9$v12 676 $a330.1220945$9SISTEMI ECONOMICI. LIBERA INIZIATIVA. ITALIA$v19 676 $a330.1220945$9SISTEMI ECONOMICI. ECONOMIA DELLA LIBERA IMPRESA. Italia$v20 676 $a330.122094509$9SISTEMI ECONOMICI. LIBERA INIZIATIVA. ITALIA. 1900-$v21 676 $a330.945$9SITUAZIONI E CONDIZIONI ECONOMICHE. ITALIA$v21 676 $a338.0945$9Produzione. Italia$v22 676 $a338.0945$9PRODUZIONE. Italia$v23 676 $a945.092$9STORIA. ITALIA. PERIODO DELLA REPUBBLICA, 1946-$v21 686 $aIT/3430.3$cMIRACOLO ECONOMICO ITALIA 1945-1968$2R 686 $aIT/3432.2$cINDUSTRIA PUBBLICA PARTECIPAZIONI STATALI ITALIA 1945-1968$2R 686 $aIT/3432.3$cGRANDE INDUSTRIA PRIVATA ITALIA 1945-1968$2R 686 $aIT/3435.3$cSISTEMA BANCARIO CREDITO RISPARMIO ITALIA 1945-1968$2R 686 $aSe.i.13.0$cStoria dell'economia italiana. 1948-1962. Lo sviluppo repressivo$2F 686 $aSe.i.14.0$cStoria dell'economia italiana. 1963-1975. La maturità precoce$2F 696 $aNeocapitalismo 699 $aCapitalismo$zNeocapitalismo 702 1$aAmatori$b, Franco$3CFIV001808 702 1$aBarca$b, Fabrizio$3CFIV050238 801 3$aIT$bIT-000000$c19971006 850 $aIT-BN0095 $aIT-NA0079 $aIT-NA0581 $aIT-NA0230 $aIT-NA0452 901 $bNAP BN$cMAGAZZINO $nmagazzini correnti divisi per anni 901 $bNAP IS$cISEM $nSezione di storia economica dell'ex Istituto di storia economica del Mezzogiorno 901 $bNAP FC$cFONDO $n$ 901 $bNAP 01$cPOZZO LIB.$nVi sono collocati fondi di economia, periodici di ingegneria e scienze, periodici di economia e statistica e altri fondi comprendenti documenti di economia pervenuti in dono. 912 $aIEI0115044 950 0$aBiblioteca Centralizzata di Ateneo$c1 v.$d 01POZZO LIB.ECON MON 5859$e 0101 0000223395E VMA 1 v.$fB $h20210409$i20210409 977 $a 01$a BN$a FC$a IR$a IS 996 $aStoria del capitalismo italiano$9624605 997 $aUNISANNIO